Vista normal
Vista MARC
Entrada Personal Name
Número de registros utilizados en: 2
001 - CONTROL NUMBER
- control field: 4708
003 - CONTROL NUMBER IDENTIFIER
- control field: OSt
005 - DATE AND TIME OF LATEST TRANSACTION
- control field: 20200527112027.0
008 - FIXED-LENGTH DATA ELEMENTS
- fixed length control field: 200527|| aca||aabn | a|a d
040 ## - CATALOGING SOURCE
- Original cataloging agency: OSt
- Transcribing agency: OSt
100 ## - HEADING--PERSONAL NAME
- Personal name: Rebasco, Esther,
670 ## - SOURCE DATA FOUND
- Source citation: Work cat.: (OSt)5324: Schiller, Bradley R, autor 4705, Principios de economía / , 2008